Medical Anthropology Quarterly

Bibliografiska uppgifter
Materialtyp: Elektronisk Tidskrift
Språk:English
Publicerad: Wiley
Ämnen:
Länkar:Full text available on JSTOR[1983-02-01 - 2015-12-01]
Off-campus access
LEADER 00972cas a2200217 a 4500
001 AALejournalJSTOR001621
008 230228c9999 xx r poo 0 0eng d
022 |a 0745-5194 
022 |a 1548-1387 
040 |a BD-DhAAL  |c BD-DhAAL 
245 0 0 |h [electronic resource]  |a Medical Anthropology Quarterly 
260 |b Wiley 
300 |a 1 online resource 
362 0 |a Vol. 14,  |a no. 2 
500 |a <strong>Off-Campus Access:</strong> Athens ID and Password Required 
500 |a <strong>On-Campus Access:</strong> No User ID or Password Required 
506 |a Electronic access restricted to authorized BRAC University faculty, staff and students 
538 |a Mode of access: Internet 
650 4 |a Anthropology ; Social Sciences 
856 4 0 |z Full text available on JSTOR[1983-02-01 - 2015-12-01]  |u https://www.jstor.org/journal/medianthquar 
856 4 0 |z Off-campus access  |u https://go.openathens.net/redirector/bracu.ac.bd?url=https%3A%2F%2Fwww.jstor.org%2Fjournal%2Fmedianthquar